Top 30 : Sia - Statistiques

Statistiques générales
  • Ce quiz a été pris 42 fois
  • Le résultat moyen est 9 sur 30
Statistiques - réponses
Top Titres Featuring % Correct
1 Chandelier
91%
3 Titanium David Guetta
86%
2 Dusk Till Dawn ZAYN
60%
7 Elastic Heart
60%
4 Cheap Thrills
57%
9 Cheap Thrills Sean Paul
57%
5 Unstoppable
46%
6 Snowman
43%
13 Thunderclouds Diplo, Labrinth, LSD
40%
12 Genius Diplo, Labrinth, LSD
37%
10 The Greatest Kendrick Lamar
31%
14 The Greatest
31%
18 She Wolf (Falling to Pieces) David Guetta
29%
23 Bird Set Free
26%
20 Alive
23%
30 Big Girls Cry
23%
16 Breathe Me
23%
11 Flames David Guetta
23%
8 Wild Ones Flo Rida
23%
21 Audio Diplo, Labrinth, LSD
17%
19 Helium
14%
25 Move Your Body - Remix Alan Walker
14%
27 Floating Through Space David Guetta
11%
24 Let's Love David Guetta
11%
22 Santa's Coming for Us
11%
28 Together
11%
15 Bang My Head David Guetta, Fetty Wap
9%
17 Del Mar Ozuna, Doja Cat
9%
29 Hass Hass Diljit Dosanjh, Greg Kurstin
9%
26 Never Give Up
6%
Aucun quiz correspondant
Distribution des résultats
% des personnes avec chaque résultat
Percentile par nombre de réponses
Votre historique - résultats
Vous n’avez pas pris ce quiz